000 01615nam a2200373 c 4500
999 _c33841
_d33841
003 BLK
005 20210128124709.0
008 180408b bul|||||r ||||||| ||bul||
010 _aKNG00036534000
040 _aBLK
041 _aBUL
_cBUL
080 _aОпера. Музикална драма. Романтична опера. Опера-приказка
_b782.1
_x.071.2(45=867)(092)
_z782.1.071.2(45=867)(092)
080 _aБиографии
_b929
_x(497.2)
_z929(497.2)
100 1 _aБончев, Марин Цолов
_eпърви автор
_9273278
139 _aБончев, Марин Цолов и др.
_bБ 63
245 1 0 _aБългарски оперни певци в Ла Скала 1900 - 2000
_cМарин Цолов Бончев; съавт. Христо Нонов.
257 _aBGR
260 _bИзд. авт.
_c2001
_fСофия : Образование и наука
_aСофия
300 _a123 с.
_bсъс сн.
_c29 см
380 _a7
490 _aБиблиотека Български оперни певци по световните сцени
_v1
_9201493
500 _aБиблиогр. с. 126.
504 _a126
650 4 _aОперни и оперетни артисти, български - в Италия
_9273279
650 4 _aОперни театри - Италия - история
_9273280
653 _aоперни певци
653 _aЛа Скала
700 1 _aНонов, Христо
_eсъавт.
_9103855
852 _aЦб ІІ 11271
856 4 _qpdf
856 4 _qpdf
942 _cKNG
_n0
_s1
944 _aCR
_c15.01.2003
_kГеновева_Генчева
944 _aED
_c20.01.2005
999 _d33841